03545nkc a2200385za 450000100060000000300040000600500170001000700070002700800410003404000240007510000420009924501450014126000150028630000900030150002080039150002210059950001470082061000620096765100130102965500350104285201320107785601500120985601500135985601500150985601500165985601500180985601500195985601500210985601500225985601500240985601500255985601500270985601500285985601500300984435OSt20260420152854.0kh boc250409s1904 sp ||||| |||| 00| i|spa d cM-RABAaM-RABAbspa aSantos Fernández, Santosd1860-193511a[Relieves en Marfil decorativos b: Arqueta de San Felices y Relicario de San Millán]c/ Santos Fernández y Santosh[Material gráfico] c[ca. 1904] a13 fotografíasb: gelatinac; imagen 16 x 11,5 cmc; soporte secundario 25 x 20 cm  aConjunto de 13 fotografías donde se representan diferentes partes de los marfiles del arca de San Felices y de San Millán que se conservan en el monasterio de San Millán de la Cogolla, en La Rioja. aAl verso, sello con la inscripción: “Santos Fernández y Santos. Premiado en el Concurso Internacional de Londres en noviembre de 1904 y en el de Bilbao Zaragoza y Haro. San Millán de la Cogolla. Logroño”. aAl verso manuscrito a tinta roja en Fot-576/Fot-577. "Marfil del arca de Sn. Felices" -- en Fot-579/Fot-588. "Marfil del arca de Sn Millán" 27aMonasterio de San Millán de la Cogolla (Suso, España) 7aLa Rioja 7aFotografías de obras de arte jFot-576 ; Fot-577 ; Fot-578 ; Fot-579 ; Fot-580 ; Fot-581 ; Fot-582 ; Fot-583 ; Fot-584 ; Fot-585 ; Fot-586 ; Fot-587 ; Fot-588 3Fot-576uhttps://archivoybiblioteca.realacademiabellasartessanfernando.com/cgi-bin/koha/opac-retrieve-file.pl?id=b6584a5db5ea13334f9ee6eb45e81449 3Fot-577uhttps://archivoybiblioteca.realacademiabellasartessanfernando.com/cgi-bin/koha/opac-retrieve-file.pl?id=73f184a705f5c36600a68f88f2f939ad 3Fot-578uhttps://archivoybiblioteca.realacademiabellasartessanfernando.com/cgi-bin/koha/opac-retrieve-file.pl?id=70332dbdae067ba0ddad4b6604637a1f 3Fot-579uhttps://archivoybiblioteca.realacademiabellasartessanfernando.com/cgi-bin/koha/opac-retrieve-file.pl?id=b0fda358de6a3f611d99a9de8c199bdc 3Fot-580uhttps://archivoybiblioteca.realacademiabellasartessanfernando.com/cgi-bin/koha/opac-retrieve-file.pl?id=b2b87aaac20ccd26516b24cc1a76516e 3Fot-581uhttps://archivoybiblioteca.realacademiabellasartessanfernando.com/cgi-bin/koha/opac-retrieve-file.pl?id=80069584655f55668e420908aab10575 3Fot-582uhttps://archivoybiblioteca.realacademiabellasartessanfernando.com/cgi-bin/koha/opac-retrieve-file.pl?id=b981c8c892e1d3f4542b0aacf622b274 3Fot-583uhttps://archivoybiblioteca.realacademiabellasartessanfernando.com/cgi-bin/koha/opac-retrieve-file.pl?id=418fe7d229ca42748720bbd03b533ed1 3Fot-584uhttps://archivoybiblioteca.realacademiabellasartessanfernando.com/cgi-bin/koha/opac-retrieve-file.pl?id=4d58a1d9aacf54e3847b9ad88db549d4 3Fot-585uhttps://archivoybiblioteca.realacademiabellasartessanfernando.com/cgi-bin/koha/opac-retrieve-file.pl?id=550817b480d5d5fb04a521a8931f2e95 3Fot-586uhttps://archivoybiblioteca.realacademiabellasartessanfernando.com/cgi-bin/koha/opac-retrieve-file.pl?id=d038416b70f5ac4c91703b0961409ac0 3Fot-587uhttps://archivoybiblioteca.realacademiabellasartessanfernando.com/cgi-bin/koha/opac-retrieve-file.pl?id=4cc7a01129769baaeeec974ddf33d048 3Fot-588uhttps://archivoybiblioteca.realacademiabellasartessanfernando.com/cgi-bin/koha/opac-retrieve-file.pl?id=a12c71313e22e3f74213f9ef4c54f115